000 00421nam a2200181Ia 4500
001 2779
005 20260306144832.0
008 260306t2010||||xx |||||||||||||| ||spa||
041 _aESP
082 _a230
_bG84A
100 _aGuardini, Romano
_eAUT
245 0 _aLa existencia del cristiano
260 _c2010
300 _axxx, 512 páginas :
_c21cm.
650 _aGEN
654 _aCHU
942 _cLIB
_dJUS
_fJUS
_2ddc
_n
999 _c2779
_d2779